რჩეული ნაშრომები:ტ1 (ბიბ.ჩანაწერი № 54857)
[ მარტივი ფორმატი ]
| 000 -LEADER | |
|---|---|
| fixed length control field | 01181nam a2200241Ia 4500 |
| 001 - CONTROL NUMBER | |
| control field | 21926 |
| 003 - CONTROL NUMBER IDENTIFIER | |
| control field | GE_BSU |
| 008 - FIXED-LENGTH DATA ELEMENTS--GENERAL INFORMATION | |
| fixed length control field | 181216s||||||||xx |||||||||||||| ||und|| |
| 040 ## - CATALOGING SOURCE | |
| Transcribing agency | GE_BSU |
| 080 ## - UNIVERSAL DECIMAL CLASSIFICATION NUMBER | |
| Universal Decimal Classification number | 81(479.22)(092):008(479.22) |
| 100 ## - MAIN ENTRY--PERSONAL NAME | |
| Personal name | დონდუა, კარპეზ. |
| 245 ## - TITLE STATEMENT | |
| Title | რჩეული ნაშრომები:ტ1 |
| 245 ## - TITLE STATEMENT | |
| Statement of responsibility, etc. | შეადგინა, წინასიტყვ. და შენიშვნები დაურთო ალ. ღლონტმა |
| 260 ## - PUBLICATION, DISTRIBUTION, ETC. | |
| Place of publication, distribution, etc. | თბილისი |
| 260 ## - PUBLICATION, DISTRIBUTION, ETC. | |
| Name of publisher, distributor, etc. | მეცნიერება |
| 260 ## - PUBLICATION, DISTRIBUTION, ETC. | |
| Date of publication, distribution, etc. | 1967 |
| 300 ## - PHYSICAL DESCRIPTION | |
| Extent | 403გვ;22სმ. |
| 300 ## - PHYSICAL DESCRIPTION | |
| Other physical details | 1 ფ. პორტრ.კ. დონდუას დაბეჭდილ ნაშრომთა სია გვ. 11-14. პირთა და საგანთა საძიებელი, გვ. 384-401. ტექსტის უმეტესი ნაწ. რუს. ენ. |
| 653 ## - INDEX TERM--UNCONTROLLED | |
| Uncontrolled term | რჩეული ნაშრომები:ტ1 |
| 653 ## - INDEX TERM--UNCONTROLLED | |
| Uncontrolled term | ქართველი ენათმეცნიერები. ქართული კულტურა. |
| 942 ## - ADDED ENTRY ELEMENTS (KOHA) | |
| Koha item type | წიგნი |
არაა ხელმისაწვდომი ეგზემპლარები.
